00339nam a2200109Ia 4500008004100000082000800041100002000049245004200069942000600111952009700117999001500214240331s9999 xx 000 0 und d bILl aHuman right. ed 0aElangai :bmanida urimeigalim enilai cL 001040708LaWERCLbWERCLcSSCd2024-03-31l0o 323.4 ILlp6374r2024-03-31w2024-03-31yL c4733d4733